Four-Letter Midwest USA Geography - Statistics

General Stats
  • This quiz has been taken 33 times
  • The average score is 11 of 17
Answer Stats
Hint Answer % Correct
Des Moines is the capital. Iowa
97%
St. Louis is home to the iconic Gateway ____. Arch
94%
The shallowest of the Great Lakes. Erie
94%
The number of Great Lakes in the Midwest. Five
94%
Nickname for Minneapolis and St. Paul: the ____ Cities. Twin
91%
Indiana's second largest city is ____ Wayne. Fort
88%
The Midwest grows more than half the nation's ____ crop. Corn
81%
During the 1930s D___ B___, storms and drought devastated prairie states. Dust Bowl
81%
River that defines the southern borders of three states. Ohio
81%
Cities lost thousands of factory jobs in this region, the R___ B___. Rust Belt
75%
Most popular target during shotgun, muzzle loader, or bow season. Deer
63%
Chicagoland city and former steel manufacturing powerhouse. Gary
59%
Oddly, it takes five Illinois and Iowa cities to make up the ____ Cities. Quad
44%
Invasive Asian fish rebranded as 'copi' to improve sales. Carp
38%
The wild Driftless ____ of Wisconsin was never covered by glaciers. Area
22%
Iowa's largest lake is Red ____ Reservoir. Rock
22%
Michigan's largest four-letter city, it's also a boy's name. Troy
22%
No matching quizzes found
Score Distribution
Percent of People with Each Score
Percentile by Number Answered
Your Score History
You have not taken this quiz